| 000 | 00812nam a22001817a 4500 | ||
|---|---|---|---|
| 999 |
_c60891 _d60891 |
||
| 005 | 20231115112006.0 | ||
| 008 | 231115s1965 ru ||||| |||| 00| 0 rus d | ||
| 041 | _arus | ||
| 080 | _a902/904 В-29 | ||
| 100 |
_aВедеников, И. _920385 |
||
| 245 |
_aКлады болгарских земель / _cИ. Ведеников.; Перевод с болгарского В.И. Протопопова. |
||
| 264 |
_aСофия: _bИзд-во лит-ры на иностранных языках, _c1965. |
||
| 300 |
_a200 стр. _bил. ; _c22 см. |
||
| 653 | _aბულგარეთის მიწების საგანძური | ||
| 653 | _aარქეოლოგია | ||
| 700 |
_aПротопопова, В.И. _eმთარგმნელი _920386 |
||
| 942 |
_2udc _cᲬᲘᲒᲜᲘ |
||